Entre la poesía y la pared : Política Cultural Sandinista 1979-1990 /
Na minha lista:
| Autor principal: | |
|---|---|
| Formato: | Desconhecido |
| Publicado em: |
Nicaragua :
[editor no identificado],
1994.
|
| Assuntos: | |
| Tags: |
Adicionar Tag
Sem tags, seja o primeiro a adicionar uma tag!
|
MARC
| LEADER | 000000000a22000000004500 | ||
|---|---|---|---|
| 001 | 003491 | ||
| 020 | |a 9055380059 | ||
| 041 | 0 | |a spa, eng | |
| 082 | 0 | 4 | |a 972.850.53 |b W459e |
| 100 | 1 | |a Wellinga, Klaas | |
| 245 | 1 | 0 | |a Entre la poesía y la pared : |b Política Cultural Sandinista 1979-1990 / |c Klaas Wellinga. |
| 260 | 1 | |a Nicaragua : |b [editor no identificado], |c 1994. | |
| 300 | |a 255 páginas | ||
| 650 | 4 | |a POLITICA CULTURAL | |
| 650 | 4 | |a NICARAGUA | |
| 650 | 4 | |a HISTORIA | |
| 650 | 4 | |a REVOLUCION, 1979 | |
| 999 | |c 9709 |d 9709 | ||
| 942 | |c BK |h 972.850.53 W459e |2 z | ||



